Перевал. [Вып. 1] (Запись № 5546349)

Подробности
000 -МАРКЕР
контрольное поле 02127nam2a22003731 4500
001 - ИДЕНТИФИКАТОР ЗАПИСИ
контрольное поле rc\1155394
005 - ИДЕНТИФИКАТОР ВЕРСИИ
контрольное поле 20250622214001.0
035 ## - ДРУГИЕ СИСТЕМНЫЕ НОМЕРА
Идентификатор записи (NLR Aleph) 006430851
100 ## - ДАННЫЕ ОБЩЕЙ ОБРАБОТКИ
Данные общей обработки 20041129d1980 |||y0rusy50 ca
101 0# - ЯЗЫК РЕСУРСА
Язык текста, звукозаписи и т.д. русский
102 ## - СТРАНА ПУБЛИКАЦИИ ИЛИ ПРОИЗВОДСТВА
Страна публикации Российская Федерация
105 ## - ПОЛЕ КОДИРОВАННЫХ ДАННЫХ: ТЕКСТОВЫЕ МАТЕРИАЛЫ, МОНОГРАФИЧЕСКИЕ
Кодированные данные о монографическом текстовом документе a |||||||||
200 0# - ЗАГЛАВИЕ И СВЕДЕНИЯ ОБ ОТВЕТСТВЕННОСТИ
Основное заглавие [Вып. 1]
210 ## - ПУБЛИКАЦИЯ, РАСПРОСТРАНЕНИЕ И ДР.
Дата издания, распространения и т.д. 1980
Место издания, распространения и т.д. Б. м.
215 ## - ФИЗИЧЕСКАЯ ХАРАКТЕРИСТИКА
Специфическое обозначение материала и объем 168 с.
Другие сведения о физической характеристике ил.
300 ## - ОБЩИЕ ПРИМЕЧАНИЯ
Текст примечания С Вып. 2 (1982) хранится в журн. фонде, шифр П34/820. См. каталог периодических изданий
327 0# - ПРИМЕЧАНИЯ О СОДЕРЖАНИИ
Текст примечания Авт.: С. Акматбекова, Ж. Бекниязов, Р. Горбачева, А. Дегенбаева, А. Джакшылыков, Н. Джаркынбаев, Т. Жороев, Д. Жапаров, А. Зайцев, Р. Карагулова и др.
461 #0 - УРОВЕНЬ НАБОРА
Встроенное поле 001rc\1155393
-- 2001#$aПеревал$eМолодая поэзия Киргизстана$e[Сборник$fСоставление А. Джакшылыкова, Б. Сарыгулова$gХудож. А. Цыганок]$v[Вып. 1]
Системный номер (АБИС) связанной записи 5546345
Место публикации Фрунзе
Дата публикации 1980-
Первые сведения об ответственности Составление А. Джакшылыкова, Б. Сарыгулова
Имя издателя, распространителя и т.д. Кыргызстан
Сведения, относящиеся к заглавию Молодая поэзия Киргизстана : [Сборник
Заглавие Перевал
Номер тома [Вып. 1]
464 #0 - АНАЛИТИЧЕСКИЙ УРОВЕНЬ
Встроенное поле 700#1$aАкматбекова$bС.
Автор Акматбекова, С.
464 #0 - АНАЛИТИЧЕСКИЙ УРОВЕНЬ
Встроенное поле 700#1$aБекниязов$bЖ.
Автор Бекниязов, Ж.
464 #0 - АНАЛИТИЧЕСКИЙ УРОВЕНЬ
Встроенное поле 700#1$aГорбачева$bР.
Автор Горбачева, Р.
464 #0 - АНАЛИТИЧЕСКИЙ УРОВЕНЬ
Встроенное поле 700#1$aДегенбаева$bА.
Автор Дегенбаева, А.
464 #0 - АНАЛИТИЧЕСКИЙ УРОВЕНЬ
Встроенное поле 700#1$aДжакшылыков$bА.
Автор Джакшылыков, А.
464 #0 - АНАЛИТИЧЕСКИЙ УРОВЕНЬ
Встроенное поле 700#1$aДжаркынбаев$bН.
Автор Джаркынбаев, Н.
464 #0 - АНАЛИТИЧЕСКИЙ УРОВЕНЬ
Встроенное поле 700#1$aЖороев$bТ.
Автор Жороев, Т.
464 #0 - АНАЛИТИЧЕСКИЙ УРОВЕНЬ
Встроенное поле 700#1$aЖапаров$bД.
Автор Жапаров, Д.
464 #0 - АНАЛИТИЧЕСКИЙ УРОВЕНЬ
Встроенное поле 700#1$aЗайцев$bА.
Автор Зайцев, А.
464 #0 - АНАЛИТИЧЕСКИЙ УРОВЕНЬ
Встроенное поле 700#1$aКарагулова$bР.
Автор Карагулова, Р.
801 #0 - ИСТОЧНИК ЗАПИСИ
Страна Российская Федерация
Организация NLR
Правила каталогизации psbo
801 #1 - ИСТОЧНИК ЗАПИСИ
Страна Российская Федерация
Организация ELAR
Источник данных rusmarc
852 ## - МЕСТОНАХОЖДЕНИЕ И ШИФР ХРАНЕНИЯ
Идентификатор организации NLR
Шифр хранения (Call Number) 81-2/273
942 ## - ДОПОЛНИТЕЛЬНЫЕ ЭЛЕМЕНТЫ ЗАПИСИ (АБИС)
Тип экземпляра АБИС Книга
980 ## - КОЛЛЕКЦИЯ
Название коллекции Национальная библиография
Экземпляры
Тип экземпляра Дата поступления Библиотека постоянного хранения Библиотека текущего хранения Место хранения Шифр хранения Штрих-код Статус экземпляра
Книга 26.10.2013 РНБ (Московский) РНБ (Московский) Русский книжный фонд: издания с 1957 года 81-2/273 6430851-10